Anatomy of the unknown! existence of it all ! / (Record no. 82602)

MARC details
000 -LEADER
fixed length control field 00613nam a22001937a 4500
005 - DATE AND TIME OF LATEST TRANSACTION
control field 20140320123123.0
010 ## - LCCN (DPL NO)
LC control number ENG-109341
020 ## - INTERNATIONAL STANDARD BOOK NUMBER
International Standard Book Number 9788172737085
Terms of availability 900.00
035 ## - SYSTEM CONTROL NUMBER
System control number EN-92874
037 ## - SOURCE OF ACQUISITION
Source of stock number/acquisition DBAD/PUB
082 ## - DEWEY DECIMAL CLASSIFICATION NUMBER
Classification number 142.78
100 ## - MAIN ENTRY--PERSONAL NAME
Personal name Waghmare, Yeshwant R.
245 ## - TITLE STATEMENT
Title Anatomy of the unknown! existence of it all ! /
Statement of responsibility, etc by Yeshwant R. Waghmare
260 ## - PUBLICATION, DISTRIBUTION, ETC. (IMPRINT)
Place of publication, distribution, etc Delhi
Name of publisher, distributor, etc Authorspress
Date of publication, distribution, etc 2013
270 ## - ADDRESS
Address E-35/103, Jawahar Park Laxmi Nagar
City Delhi
Postal code 110092
300 ## - PHYSICAL DESCRIPTION
Extent ix,211p. :
Dimensions 22cm(Hb)
Other physical details ill.
500 ## - GENERAL NOTE
General note Includes bibliographcal references
942 ## - ADDED ENTRY ELEMENTS (KOHA)
Source of classification or shelving scheme Dewey Decimal Classification
Item type English Books
Call number suffix WAG
Classification part 142.78
Holdings
Withdrawn status Lost status Not for loan Collection code Home library Current library Date acquired Source of acquisition Cost, normal purchase price Full call number Barcode Copy number Cost, replacement price Koha item type
    Not For Loan Non-fiction D.B.Act.Division D.B.Act.Division 18/02/2014 DBAD/PUB 900.00 142.78 WAG EN-92874 1 900.00 English Books

© Delhi Public Library
Hit Counter
free hit counter